000 03161cam a2200373 i 4500
001 22375404
003 CUTN
005 20240112153454.0
006 m |o d |
007 cr_|||||||||||
008 220107s2022 nyu ob 001 0 eng
010 _a 2022000387
020 _a9781003205753
_q(ebook)
020 _z9781032071763
_q(hardback)
020 _z9781032071756
_q(paperback)
040 _aDLC
_beng
_cDLC
_erda
_dDLC
042 _apcc
050 0 0 _aPN1995.9.M29
082 0 0 _a791.430
_223/eng/20220107
_bFIN
100 1 _aFinney, Angus,
_d1964-
_eauthor.
245 1 4 _aThe international film business :
_ba market guide beyond Hollywood /
_cAngus Finney.
250 _aThird edition.
300 _a1 online resource
504 _aIncludes bibliographical references and index.
505 0 _aThe film value chain -- Users and the changing digital market -- Business, leadership and management strategies -- Conclusion.
520 _a"Examining the independent film sector as a business on an international scale, author Angus Finney addresses the specific skills and knowledge required to successfully navigate the international film business. Finney describes and analyses the present structure of the film industry as a business, with a specific focus on the film value chain and takes readers through the status of current digital technology, offering ways in which this may change the structure and opportunities offered by the industry in the future. The textbook provides information and advice on the different business and management skills and strategies that students and emerging practitioners will need to effectively engage with the industry in an international context. Case studies of films and TV including Parasite (2019), Game of Thrones (2011-2019) and The Best Exotic Marigold Hotel (2011) are supplemented by company case studies on Redbus, Renaissance, Pixar, with additional new chapters focusing on Netflix, TikTok and the Metaverse. This third edition of The International Film Business includes up to date information on the status of the international film industry during and post Covid-19; expanded content looking at the TV industry and streaming services; new case studies and dedicated sections on the Streaming Wars and the Chinese Film Industry; and a new chapter looking at the changes in digital production in the context of the global and territorial film and TV industry. Written for students of Film Business and emerging practitioners, this book will take readers through the successes and failures of a variety of real film companies and projects and features exclusive interviews with leading practitioners in all sectors of the industry, from production to exhibition"--
650 0 _aMotion pictures
_xMarketing.
650 0 _aMotion pictures
_xDistribution.
650 0 _aMotion picture industry
_xFinance.
776 0 8 _iPrint version:
_aFinney, Angus, 1964-
_tInternational film business
_bThird edition.
_dNew York, NY : Routledge, 2022
_z9781032071763
_w(DLC) 2022000386
906 _a7
_bcbc
_corignew
_d1
_eecip
_f20
_gy-gencatlg
942 _2ddc
_cBOOKS
999 _c41800
_d41800